[Event "Faxe Dags EMT 2013"]
[Site "Faxe"]
[Date "2013.05.08"]
[Round "5"]
[White "Rasmussen, Frede"]
[Black "Sorensen, Lindved"]
[Result "0-1"]
[WhiteElo "1441"]
[BlackElo "1522"]
[PlyCount "128"]
[EventDate "2013.??.??"]

1. d4 Nf6 2. h3 e6 3. Bf4 Nc6 4. e3 d5 5. c3 Bd6 6. Bd3 e5 7. dxe5 Nxe5 8. Bxe5
Bxe5 9. Nf3 Bd6 10. Nd4 Bd7 11. Nf5 Bxf5 12. Bxf5 g6 13. Bc2 O-O 14. Nd2 Qe7
15. Nf3 Rad8 16. Qd2 c6 17. a3 Ne4 18. Bxe4 dxe4 19. Nd4 Bc7 20. Qc2 a6 21. O-O
c5 22. Ne2 Qe5 23. g3 Rd3 24. Nf4 c4 25. Nxd3 exd3 26. Qd1 Qe6 27. Kg2 Qe4+ 28.
Qf3 Re8 29. Rad1 b5 30. Rd2 Qe5 31. Re1 Re6 32. Qa8+ Kg7 33. e4 Qg5 34. Rdd1
Rf6 35. Qd5 Qxd5 36. exd5 Rf5 37. Re4 Rxd5 38. f4 Rd6 39. Kf3 Bb6 40. g4 h6 41.
h4 Bd8 42. g5 h5 43. Rd4 Bc7 44. Re1 Rc6 45. Re7 Bd6 46. Ree4 Bc5 47. Rd8 Rd6
48. Rxd6 Bxd6 49. Re8 d2 50. Ke2 Bxf4 51. Re4 d1=Q+ 52. Kxd1 Bd6 53. Re8 a5 54.
Re4 f5 55. Re3 Kf7 56. Ke2 Bf4 57. Rf3 Bc1 58. b4 cxb3 59. Kd1 Bxa3 60. Rd3 Bb2
61. Rd5 a4 62. Rxb5 a3 63. Rxb3 a2 64. Rb7+ Ke6 0-1

[Event "Faxe Dags EMT 2013"]
[Site "Faxe"]
[Date "2013.05.08"]
[Round "5"]
[White "Wehlast, Svend Erik"]
[Black "Kjeldgaard, Lennart"]
[Result "1-0"]
[WhiteElo "1498"]
[BlackElo "1524"]
[PlyCount "136"]
[EventDate "2013.??.??"]

1. d4 d5 2. Nf3 Bf5 3. Bf4 e6 4. e3 Bd6 5. Bxd6 Qxd6 6. a3 Nf6 7. Nc3 Ne4 8.
Nxe4 Bxe4 9. Bd3 Qb6 10. b4 a5 11. b5 a4 12. O-O O-O 13. c4 Bxf3 14. Qxf3 dxc4
15. Bxc4 Nd7 16. Rfc1 Rac8 17. Qd1 Ra8 18. Qc2 Rfc8 19. Qa2 Nf6 20. Qb1 c6 21.
bxc6 Rxc6 22. Qxb6 Rxb6 23. Bd3 Rb2 24. h3 g5 25. Rc4 b5 26. Rc5 b4 27. Rxg5+
Kf8 28. axb4 Rxb4 29. Rb5 Rxb5 30. Bxb5 a3 31. Bc6 Ra6 32. Bb7 Ra7 33. Bf3 Ke7
34. e4 Nd7 35. e5 f6 36. exf6+ Nxf6 37. g4 Nd5 38. Bxd5 exd5 39. Kf1 Kd6 40.
Ke2 Kc6 41. Kd3 Kb5 42. f4 Ka4 43. f5 Rb7 44. f6 Rb3+ 45. Ke2 Rb2+ 46. Kd3 a2
47. f7 Rb3+ 48. Ke2 Rb2+ 49. Ke3 Rb3+ 50. Kf4 Rb2 51. Ke5 Rf2 52. Rxa2+ Rxa2
53. f8=Q Kb3 54. Qc5 Re2+ 55. Kxd5 Re3 56. h4 Rh3 57. h5 Rg3 58. Qc4+ Kb2 59.
Qc8 h6 60. Kd6 Rb3 61. d5 Rb6+ 62. Qc6 Rb4 63. Qd7 Rb6+ 64. Ke7 Kb3 65. d6 Rb4
66. Qd8 Rb5 67. Kf6 Rb6 68. Qxb6+ Ka4 1-0

[Event "Faxe Dags EMT 2013"]
[Site "Faxe"]
[Date "2013.05.08"]
[Round "5"]
[White "Hansen, Arne Mandrup"]
[Black "Andersen, Hans Poul"]
[Result "1/2-1/2"]
[WhiteElo "1276"]
[BlackElo "1236"]
[PlyCount "60"]
[EventDate "2013.??.??"]

1. d4 d5 2. c4 e6 3. g3 Bb4+ 4. Bd2 Bxd2+ 5. Qxd2 Nf6 6. Bg2 c6 7. Nf3 h6 8.
Nc3 Nbd7 9. O-O O-O 10. c5 b6 11. b4 a5 12. a3 Bb7 13. Rfb1 b5 14. Qd1 a4 15.
Qc2 Re8 16. e4 dxe4 17. Nxe4 Nxe4 18. Qxe4 Qf6 19. Re1 Rad8 20. Rad1 Qf5 21.
Nh4 Qxe4 22. Bxe4 Nf6 23. Bg2 Nd5 24. Bxd5 exd5 25. Nf5 Kf8 26. Rxe8+ Rxe8 27.
Nd6 Re7 28. Nxb7 Rxb7 29. Re1 Re7 30. Rxe7 Kxe7 1/2-1/2

[Event "Faxe Dags EMT 2013"]
[Site "Faxe"]
[Date "2013.05.08"]
[Round "5"]
[White "Jakobsen, Henning"]
[Black "Christoffersen, Per"]
[Result "0-1"]
[WhiteElo "1295"]
[BlackElo "1646"]
[PlyCount "50"]
[EventDate "2013.??.??"]

1. d4 Nf6 2. c4 d5 3. Nc3 c6 4. Bf4 dxc4 5. a4 Bf5 6. e3 e6 7. Bxc4 Bb4 8. Nge2
O-O 9. O-O Nbd7 10. Na2 Qa5 11. Qb3 Be7 12. Ng3 Bg6 13. f3 Qb6 14. Qc3 Nd5 15.
Bxd5 cxd5 16. b4 Rac8 17. Qb2 Rc4 18. b5 Rc2 19. Qb3 Rfc8 20. Rfc1 Rxc1+ 21.
Rxc1 Rxc1+ 22. Nxc1 Qa5 23. Kf1 Qd2 24. Nge2 Bb4 25. Nd3 Bxd3 0-1

[Event "Faxe Dags EMT 2013"]
[Site "Faxe"]
[Date "2013.05.13"]
[Round "5"]
[White "Eriksen, Knud Ejler"]
[Black "Toftvang, Ove"]
[Result "1-0"]
[WhiteElo "1203"]
[BlackElo "1255"]
[PlyCount "118"]
[EventDate "2013.??.??"]

1. e4 e5 2. Nf3 Nc6 3. Bc4 h6 4. O-O Nf6 5. a3 d6 6. Nc3 a6 7. d3 Bg4 8. Be3 b5
9. Ba2 Rb8 10. b4 a5 11. Rb1 a4 12. Qe2 Nd4 13. Bxd4 exd4 14. Nd1 Be7 15. h3
Bh5 16. g4 Bg6 17. Nxd4 Qd7 18. f4 h5 19. g5 Nxe4 20. dxe4 Qxh3 21. Rf3 Qg4+
22. Kf1 Qd7 23. Bd5 Rb6 24. Rc1 h4 25. Re3 Bh5 26. Qh2 c5 27. bxc5 dxc5 28. Nf5
Bg4 29. Nxh4 c4 30. Qg3 Bc5 31. Re1 Bh3+ 32. Ng2 Bg4 33. Nh4 Bh3+ 34. Ke2 Bg4+
35. Kd2 b4 36. axb4 Bxb4+ 37. c3 Ba3 38. Rc2 Bc5 39. Ne3 a3 40. Nxg4 Kf8 41.
Ne5 Qa7 42. Nxc4 Ra6 43. Ra1 Bf2 44. Qg4 Qc7 45. Nf3 Bc5 46. Nce5 Bd6 47. Kd3
g6 48. Nxf7 Rh7 49. Nxd6 Rxd6 50. Rxa3 Kg7 51. Rb3 Rb6 52. Rxb6 Qxb6 53. Qd7+
Kf8 54. Qxh7 Qb5+ 55. c4 Qe8 56. Qg8+ Ke7 57. Qg7+ Kd8 58. Qf6+ Qe7 59. Qxe7+
Kxe7 1-0

[Event "Faxe Dags EMT 2013"]
[Site "Faxe"]
[Date "2013.05.15"]
[Round "6"]
[White "Andersen, Bjarne Hjorth"]
[Black "Jensen, Leif"]
[Result "1/2-1/2"]
[WhiteElo "1950"]
[BlackElo "1984"]
[PlyCount "77"]
[EventDate "2013.??.??"]

1. e4 e6 2. d4 d5 3. Nd2 dxe4 4. Nxe4 Nd7 5. Nf3 Ngf6 6. Bd3 Nxe4 7. Bxe4 Nf6
8. Bg5 Be7 9. Bxf6 Bxf6 10. Qd3 c6 11. O-O-O h6 12. g4 Bd7 13. Kb1 Qc7 14. Ne5
Bxe5 15. dxe5 O-O-O 16. f4 Kb8 17. Qd6 Bc8 18. Qxc7+ Kxc7 19. h4 c5 20. Kc1 b6
21. Rxd8 Rxd8 22. Rd1 Ba6 23. Rxd8 Kxd8 24. Kd2 Ke7 25. g5 Bf1 26. Ke3 Bh3 27.
c3 Bg4 28. b4 cxb4 29. cxb4 Kd7 30. Kd4 Kc7 31. g6 fxg6 32. Bxg6 Bh3 33. Bd3
Kc6 34. a4 Bg4 35. Be4+ Kc7 36. a5 Bh3 37. Bd3 Kc6 38. Kc4 Bg4 39. Be4+ 1/2-1/2

[Event "Faxe Dags EMT 2013"]
[Site "Faxe"]
[Date "2013.05.15"]
[Round "6"]
[White "Pedersen, Hans Dahl"]
[Black "Christensen, Lars (1957)"]
[Result "1/2-1/2"]
[WhiteElo "2133"]
[BlackElo "1936"]
[PlyCount "153"]
[EventDate "2013.??.??"]

1. c4 c6 2. g3 Nf6 3. Bg2 e6 4. Nf3 d5 5. Qc2 Nbd7 6. d4 Bd6 7. O-O Rb8 8. Nbd2
O-O 9. e4 e5 10. exd5 cxd5 11. cxd5 Nxd5 12. Ne4 Nb4 13. Qb3 Be7 14. dxe5 Nb6
15. Nd6 Bxd6 16. exd6 N4d5 17. Rd1 Nf6 18. Qd3 Be6 19. Ng5 Bc4 20. Qd4 Re8 21.
Bf4 h6 22. Ne4 Nxe4 23. Bxe4 Qd7 24. b3 Bb5 25. Rac1 Rbc8 26. a4 Rxc1 27. Rxc1
Bc6 28. Bxc6 bxc6 29. Qc5 Rc8 30. a5 Nd5 31. Be5 a6 32. Bb2 f6 33. Ba3 Qb7 34.
Qc4 Kh8 35. h4 Kg8 36. Rc2 Kf7 37. Re2 Re8 38. Re7+ Rxe7 39. dxe7 Ke8 40. Qe4
Nxe7 41. Bxe7 Kf7 42. Bc5 Qxb3 43. Qxc6 Qd1+ 44. Kg2 Qd3 45. h5 Qf5 46. Qb7+
Kg8 47. Qb8+ Kh7 48. Qb4 Qxh5 49. Qe4+ Kg8 50. Bb6 Qb5 51. Qe6+ Kh8 52. Qe4 Kg8
53. g4 Kf7 54. Kg3 Qb3+ 55. f3 Qb5 56. Qf5 Qe2 57. Qh5+ Kg8 58. Qd5+ Kh8 59.
Qe4 Qb5 60. Qa8+ Kh7 61. Qe4+ Kh8 62. Kh4 Qg5+ 63. Kg3 Qb5 64. f4 Qb3+ 65. Qf3
Qb5 66. Qc3 Qf1 67. Qc8+ Kh7 68. Qc2+ Kh8 69. Bf2 Qb5 70. Qd2 Kh7 71. f5 Qe5+
72. Kg2 Qe4+ 73. Kh3 Qc6 74. Qe1 Qb5 75. Bg3 Qd3 76. Kg2 Qc4 77. Kh3 1/2-1/2

[Event "Faxe Dags EMT 2013"]
[Site "Faxe"]
[Date "2013.05.15"]
[Round "6"]
[White "Eckert, Svend"]
[Black "Hansen, Aage"]
[Result "1/2-1/2"]
[WhiteElo "1614"]
[BlackElo "1606"]
[PlyCount "121"]
[EventDate "2013.??.??"]

1. c4 e6 2. e3 Nf6 3. Nc3 Bb4 4. Nge2 b6 5. a3 Be7 6. d4 Bb7 7. Ng3 d5 8. cxd5
Nxd5 9. e4 Nxc3 10. bxc3 O-O 11. Bd3 c5 12. Bb2 Nc6 13. d5 Ne5 14. c4 Nxd3+ 15.
Qxd3 exd5 16. cxd5 Rc8 17. O-O c4 18. Qc3 f6 19. Nf5 Bd6 20. f4 Qd7 21. Rac1
Rfe8 22. Rfe1 Bxf4 23. Rcd1 Be5 24. Qh3 Qc7 25. Bxe5 Rxe5 26. d6 Qc5+ 27. Kh1
Rd8 28. Qg4 Rxf5 29. exf5 Rxd6 30. Rxd6 Qxd6 31. Qxc4+ Kf8 32. h3 Qd2 33. Re2
Qd1+ 34. Kh2 Qd6+ 35. g3 a6 36. Qc1 h5 37. Rd2 Qe5 38. Qd1 Bc6 39. Re2 Qb8 40.
Re6 Be8 41. Qd3 h4 42. Qd6+ Qxd6 43. Rxd6 hxg3+ 44. Kxg3 b5 45. Rxa6 Ke7 46.
Kf4 g5+ 47. Kg4 Bd7 48. Ra7 Kd6 49. Ra6+ Ke5 50. Kg3 Kxf5 51. Rd6 Be6 52. Rb6
Bc4 53. h4 gxh4+ 54. Kxh4 Ke5 55. Kg3 f5 56. Kf2 Kd4 57. Rf6 Bd3 58. Rd6+ Kc4
59. Ke3 Bc2 60. Rd4+ Kc5 61. Rb4 1/2-1/2

[Event "Faxe Dags EMT 2013"]
[Site "Faxe"]
[Date "2013.05.15"]
[Round "6"]
[White "Lindskov, Villy"]
[Black "Refsgaard, Kaj"]
[Result "1-0"]
[WhiteElo "1785"]
[BlackElo "1629"]
[PlyCount "107"]
[EventDate "2013.??.??"]

1. e4 c5 2. Nc3 Nc6 3. f4 d6 4. Nf3 Bg4 5. h3 Bxf3 6. Qxf3 Nd4 7. Bb5+ Nxb5 8.
Nxb5 e6 9. c4 Be7 10. O-O a6 11. Nc3 Rb8 12. a4 Nf6 13. d3 O-O 14. Be3 Nd7 15.
d4 cxd4 16. Bxd4 Qc7 17. b3 Bf6 18. Bxf6 Nxf6 19. Kh1 Rbc8 20. Rab1 Rfd8 21.
Rfd1 Nd7 22. Rd3 Nc5 23. Re3 Qd7 24. Ne2 Qe7 25. Ng3 Qf6 26. Nh5 Qh4 27. f5 e5
28. Kh2 Nd7 29. g3 Qg5 30. g4 Nf6 31. Nxf6+ Qxf6 32. Qg2 Qg5 33. Rd3 Rc6 34.
Qg3 h6 35. h4 Qe7 36. g5 hxg5 37. hxg5 f6 38. gxf6 Qxf6 39. Kg2 Kf7 40. Rh1
Rcc8 41. Qg4 Rh8 42. Rdh3 Rhg8 43. Rh7 Rc7 44. Kf2 Ke8 45. Rh8 Rxh8 46. Rxh8+
Kd7 47. Qh5 Kc6 48. Ke3 Kc5 49. Kd3 Kb4 50. Kc2 b5 51. axb5 axb5 52. Rb8 Rc5
53. Qe8 Ka5 54. Rxb5+ 1-0

[Event "Faxe Dags EMT 2013"]
[Site "Faxe"]
[Date "2013.05.15"]
[Round "6"]
[White "Petersen, Bent"]
[Black "Andersen, Hans E"]
[Result "1-0"]
[WhiteElo "1905"]
[BlackElo "1417"]
[PlyCount "55"]
[EventDate "2013.??.??"]

1. d4 Nf6 2. c4 e6 3. Nc3 d5 4. Nf3 Bd7 5. e3 Bb4 6. Be2 Ne4 7. Qb3 Bxc3+ 8.
bxc3 b6 9. cxd5 c6 10. dxc6 Bxc6 11. Ba3 Nd7 12. O-O Rc8 13. c4 Ndf6 14. Rad1
Nd6 15. Ne5 O-O 16. Nxc6 Rxc6 17. c5 Nde8 18. Bb5 Rc8 19. cxb6 Nd6 20. bxa7 Qb6
21. Be2 Qxb3 22. axb3 Rfd8 23. Bc5 Rd7 24. Ra1 Ra8 25. Bf3 Nd5 26. e4 Ne7 27.
Bxd6 Rxd6 28. e5 1-0

[Event "Faxe Dags EMT 2013"]
[Site "Faxe"]
[Date "2013.05.22"]
[Round "6"]
[White "Hansen, Borge"]
[Black "Sorensen, Lindved"]
[Result "0-1"]
[WhiteElo "1478"]
[BlackElo "1522"]
[PlyCount "58"]
[EventDate "2013.??.??"]

1. d4 Nf6 2. c4 c5 3. e3 e6 4. Nf3 Nc6 5. Be2 b6 6. O-O Bb7 7. b3 Qc7 8. Bb2
O-O-O 9. Nc3 a6 10. Rc1 d5 11. cxd5 Nxd5 12. Nxd5 Rxd5 13. Bc4 Rh5 14. Qe2 Nxd4
15. exd4 Bxf3 16. Bxa6+ Kb8 17. Qe5 Rxe5 18. dxe5 Bd5 19. Rc2 Qa7 20. Bc4 Qb7
21. f3 h5 22. Bc1 h4 23. Be3 h3 24. g3 Bxf3 25. Rcf2 Bh1 26. Rd1 Be7 27. Bf1
Qe4 28. Bc1 c4 29. Re1 Qxe1 0-1

[Event "Faxe Dags EMT 2013"]
[Site "Faxe"]
[Date "2013.05.15"]
[Round "6"]
[White "Christoffersen, Per"]
[Black "Wehlast, Svend Erik"]
[Result "1-0"]
[WhiteElo "1646"]
[BlackElo "1498"]
[PlyCount "129"]
[EventDate "2013.??.??"]

1. d4 d5 2. Nf3 Nf6 3. e3 e6 4. Bd3 c5 5. c3 c4 6. Bc2 b5 7. O-O Nc6 8. Ne5 Bb7
9. f4 g6 10. b3 Nxe5 11. fxe5 Ne4 12. Qf3 Ng5 13. Qf6 Qxf6 14. exf6 Ne4 15.
bxc4 dxc4 16. Rf4 Nd6 17. g4 Bh6 18. Rf1 O-O 19. h4 Rfd8 20. g5 Bf8 21. Nd2 Nf5
22. Bxf5 exf5 23. Rb1 Bc6 24. Nf3 a6 25. Ne5 Be4 26. Rb2 Bd6 27. Nf3 Bd3 28.
Rd1 Re8 29. Kf2 Ba3 30. Rbd2 b4 31. Bxa3 bxa3 32. Ne5 Rxe5 33. dxe5 Rb8 34. Kg3
Rd8 35. Rb1 a5 36. Rb5 Ra8 37. Rd5 Kf8 38. R5xd3 cxd3 39. Rxd3 Ke8 40. c4 Rc8
41. Rc3 Kd7 42. Kf4 Rc5 43. Rd3+ Ke8 44. Rd4 Rc6 45. e4 fxe4 46. Kxe4 Rb6 47.
Rd2 Rb1 48. Kd5 Rb2 49. Rd3 Rxa2 50. c5 Kd7 51. c6+ Kc7 52. e6 fxe6+ 53. Kxe6
Re2+ 54. Kf7 a2 55. Ra3 Kxc6 56. Rxa5 Kb6 57. Ra3 Kc5 58. Kg7 Kd6 59. f7 Re7
60. Kg8 h6 61. Rxa2 hxg5 62. f8=Q Ke6 63. Re2+ Kd5 64. Qxe7 gxh4 65. Rd2+ 1-0

[Event "Faxe Dags EMT 2013"]
[Site "Faxe"]
[Date "2013.05.15"]
[Round "6"]
[White "Andersen, Hans Poul"]
[Black "Rasmussen, Frede"]
[Result "0-1"]
[WhiteElo "1236"]
[BlackElo "1441"]
[PlyCount "82"]
[EventDate "2013.??.??"]

1. e4 e6 2. Nf3 d6 3. d4 Bd7 4. Nc3 h6 5. Be2 a6 6. h3 g5 7. Nh2 Nc6 8. a3 Nce7
9. O-O Ng6 10. Bh5 Qe7 11. Bxg6 fxg6 12. f4 gxf4 13. Bxf4 O-O-O 14. Be3 Bg7 15.
Rb1 h5 16. Nf3 Bh6 17. Bxh6 Nxh6 18. Qd2 Ng4 19. Ng5 Nh6 20. Qe3 Kb8 21. b4
Rdf8 22. d5 e5 23. b5 Rxf1+ 24. Kxf1 axb5 25. Nxb5 b6 26. Nc3 Rf8+ 27. Kg1 Rf4
28. Nf3 Qf8 29. Ne2 Rf6 30. Qc3 Bxh3 31. Nh2 Bxg2 32. Qe3 Ng4 33. Nxg4 Rf1+ 34.
Kxg2 Rxb1 35. Nf2 Rb5 36. c4 Ra5 37. Nh3 Qe8 38. Ng5 Qa4 39. Qc1 Rc5 40. Nc3
Qxc4 41. Ne6 Qxc3 0-1

[Event "Faxe Dags EMT 2013"]
[Site "Faxe"]
[Date "2013.05.15"]
[Round "6"]
[White "Nielsen, Flemming"]
[Black "Hansen, Arne Mandrup"]
[Result "1-0"]
[WhiteElo "1361"]
[BlackElo "1276"]
[PlyCount "111"]
[EventDate "2013.??.??"]

1. e4 d5 2. exd5 Qxd5 3. Nc3 Qa5 4. d4 Nf6 5. Bd2 Qb6 6. Nf3 Bf5 7. Bc4 e6 8.
O-O Nbd7 9. Rb1 c6 10. a3 h6 11. b4 Qc7 12. Re1 Nb6 13. Bb3 Bd6 14. Ne5 Nfd5
15. Bxd5 Nxd5 16. Na4 Nf6 17. Rb3 Bxe5 18. Rxe5 Ng4 19. Bf4 Nxe5 20. Bxe5 Qd7
21. Bxg7 Rh7 22. Bf6 h5 23. Rg3 Bg6 24. Nc5 Qc7 25. Qd3 b6 26. Rxg6 fxg6 27.
Ne4 Rf7 28. Be5 Qd7 29. Nf6+ Rxf6 30. Bxf6 Qf7 31. Qf3 Rc8 32. h3 Kd7 33. Qf4
Rf8 34. d5 Qxf6 35. dxc6+ Kc8 36. Qd2 Rd8 37. Qe2 Qe7 38. g3 Qc7 39. b5 Qd6 40.
Kg2 Qd5+ 41. Kh2 Qd2 42. Qxe6+ Kc7 43. Qe7+ Rd7 44. Qxd7+ Qxd7 45. cxd7 Kxd7
46. a4 Kd6 47. Kg2 g5 48. Kf3 Ke5 49. Ke3 Kd5 50. Kd3 Ke5 51. f3 Kd5 52. c3 Ke5
53. c4 Kd6 54. Kd4 Ke6 55. c5 h4 56. g4 1-0

[Event "Faxe Dags EMT 2013"]
[Site "Faxe"]
[Date "2013.05.15"]
[Round "6"]
[White "Christoffersen, Ib"]
[Black "Strandsbjerg, Jens"]
[Result "1/2-1/2"]
[WhiteElo "1441"]
[BlackElo "1612"]
[PlyCount "101"]
[EventDate "2013.??.??"]

1. d4 Nf6 2. Nf3 e6 3. Bg5 Be7 4. Nc3 b6 5. e4 Bb7 6. Bd3 d6 7. O-O O-O 8. Bxf6
Bxf6 9. Ne2 c5 10. c3 Nd7 11. Ng3 cxd4 12. cxd4 g6 13. Re1 Rc8 14. h3 Bg7 15.
Re2 f5 16. exf5 Bxf3 17. gxf3 exf5 18. Qb3+ Kh8 19. Qb4 Qf6 20. Bb5 Nb8 21. d5
Rc5 22. Rd1 a6 23. Bc4 b5 24. Bb3 Nd7 25. f4 Rfc8 26. Qd2 Nb6 27. Re6 Qf8 28.
Rde1 Nc4 29. Bxc4 Rxc4 30. Qe2 Bh6 31. Qe3 Bxf4 32. Qf3 Be5 33. Nf1 Qh6 34. Ne3
Qg5+ 35. Kf1 Re4 36. Ng2 Rxe1+ 37. Nxe1 Qc1 38. Qe2 Qf4 39. Nd3 Qh2 40. Ke1
Qh1+ 41. Qf1 Qxd5 42. Re7 Bxb2 43. Qe2 Bc3+ 44. Kd1 Be5 45. f4 Bxf4 46. Re8+
Rxe8 47. Qxe8+ Kg7 48. Qe7+ Kh6 49. Qh4+ Kg7 50. Qe7+ Kg8 51. Qe8+ 1/2-1/2

[Event "Faxe Dags EMT 2013"]
[Site "Faxe"]
[Date "2013.05.15"]
[Round "6"]
[White "Kjeldgaard, Lennart"]
[Black "Brinkhard, Anders"]
[Result "1-0"]
[WhiteElo "1524"]
[BlackElo "1518"]
[PlyCount "41"]
[EventDate "2013.??.??"]

1. e4 e6 2. d4 d5 3. e5 c5 4. c3 Nc6 5. Be3 cxd4 6. cxd4 Qb6 7. Qd2 Bd7 8. Nf3
Bb4 9. Nc3 Nge7 10. Bd3 g6 11. Rc1 Bxc3 12. Rxc3 a5 13. O-O a4 14. Rfc1 Nb4 15.
Bb1 O-O 16. Bg5 Nf5 17. Bf6 Rfc8 18. Bxf5 Rxc3 19. Rxc3 exf5 20. Qh6 Rc8 21.
Qg7# 1-0

[Event "Faxe Dags EMT 2013"]
[Site "Faxe"]
[Date "2013.05.15"]
[Round "6"]
[White "Eriksen, Knud Ejler"]
[Black "Adrian, Michael"]
[Result "1/2-1/2"]
[WhiteElo "1203"]
[BlackElo "1325"]
[PlyCount "127"]
[EventDate "2013.??.??"]

1. e4 e5 2. Nf3 Nc6 3. Bc4 Nd4 4. a3 Nxf3+ 5. Qxf3 Qf6 6. Qe2 Bc5 7. Nc3 d6 8.
Nd5 Qd8 9. d3 c6 10. Ne3 Nf6 11. b4 Bd4 12. Rb1 b5 13. Ba2 a5 14. Bd2 axb4 15.
Bxb4 c5 16. Bd2 Rxa3 17. Bd5 b4 18. Bc1 Ra1 19. Bc6+ Bd7 20. Bxd7+ Qxd7 21.
Rxa1 Bxa1 22. O-O Bd4 23. Nc4 O-O 24. Bg5 Qe6 25. Qf3 Ra8 26. h3 h6 27. Be3 Bc3
28. Qg3 Kf8 29. Qf3 Ra2 30. Qe2 b3 31. Rc1 b2 32. Rb1 Ra1 33. Qd1 Nxe4 34. Nxb2
Bxb2 35. Rxa1 Bxa1 36. Qxa1 Nf6 37. c4 Kg8 38. f3 g5 39. g4 Kg7 40. Kf2 Kg6 41.
Qb1 Kg7 42. Kg2 Nd7 43. Qc2 Nf8 44. Bf2 Ng6 45. Kh2 f5 46. gxf5 Qxf5 47. Qe2
Nf4 48. Qf1 Nxd3 49. Bg3 Nf4 50. Bxf4 exf4 51. Qe2 Qe5 52. Qd3 Qd4 53. Qe2 Qe3
54. Qb2+ Kg6 55. Qc2+ Kf6 56. Qb2+ Kg6 57. Qc2+ Kh5 58. Qg2 Qe6 59. Qf1 d5 60.
cxd5 Qxd5 61. Qe2 c4 62. Qe8+ Kh4 63. Qe1+ Kh5 64. Qe8+ 1/2-1/2

[Event "Faxe Dags EMT 2013"]
[Site "Faxe"]
[Date "2013.05.15"]
[Round "6"]
[White "Toftvang, Ove"]
[Black "Jakobsen, Henning"]
[Result "1-0"]
[WhiteElo "1255"]
[BlackElo "1295"]
[PlyCount "125"]
[EventDate "2013.??.??"]

1. g3 Nf6 2. d4 g6 3. Bg2 d5 4. Nf3 Bg7 5. c3 O-O 6. O-O Nc6 7. h3 Nd7 8. Nh2
e6 9. f4 f5 10. b3 Nf6 11. Ba3 Rf7 12. e3 Bh6 13. Nd2 Rg7 14. Ndf3 Ne4 15. Qe1
g5 16. fxg5 Bxg5 17. Bc1 Nxg3 18. Rf2 Bh4 19. Rc2 Bf6 20. Nf1 Ne4 21. a3 Ng5
22. N1h2 Nxh3+ 23. Kh1 Ng5 24. Nxg5 Bxg5 25. Nf3 Rg6 26. Kg1 b6 27. Nxg5 Qxg5
28. e4 Qxg2+ 29. Rxg2 fxe4 30. Rxg6+ hxg6 31. Qg3 Ba6 32. Qxg6+ Kf8 33. Bh6+
Ke7 34. Bg5+ Kd6 35. Bf4+ Kd7 36. Qf7+ Ne7 37. Bg5 Re8 38. c4 dxc4 39. d5 exd5
40. Rd1 c6 41. bxc4 Bxc4 42. Kf2 a5 43. Be3 c5 44. Rh1 b5 45. Rh7 d4 46. Qf5+
Be6 47. Qxe4 Rf8+ 48. Bf4 Rf7 49. Qb7+ Ke8 50. Rh8+ Rf8 51. Rxf8+ Kxf8 52. Qxb5
c4 53. Qc5 d3 54. Bg5 Kf7 55. Qxe7+ Kg6 56. Bd2 Kf5 57. Qc5+ Ke4 58. Qe3+ Kd5
59. Bxa5 Kc6 60. Bb4 Kd7 61. a4 Bd5 62. Qd4 Ke6 63. a5 1-0

[Event "Faxe Dags EMT 2013"]
[Site "Faxe"]
[Date "2013.05.29"]
[Round "7"]
[White "Christensen, Lars (1957)"]
[Black "Andersen, Bjarne Hjorth"]
[Result "1-0"]
[WhiteElo "1936"]
[BlackElo "1950"]
[PlyCount "55"]
[EventDate "2013.??.??"]

1. e4 c6 2. d4 d5 3. exd5 cxd5 4. Bd3 Nc6 5. c3 Nf6 6. Bf4 Bg4 7. Qb3 Qc8 8.
Nd2 e6 9. Ngf3 Nh5 10. Bg3 Nxg3 11. hxg3 Be7 12. Nh2 Bh5 13. Nhf1 Bg6 14. Bxg6
fxg6 15. f4 O-O 16. Nf3 a6 17. Ne3 b5 18. Qc2 Qc7 19. Rh3 Bf6 20. Kf2 Rac8 21.
Qd3 Qf7 22. Rah1 h6 23. Ng4 Ne7 24. Rxh6 Qe8 25. Rh8+ Kf7 26. Nge5+ Bxe5 27.
Nxe5+ Kf6 28. Rxf8+ 1-0

[Event "Faxe Dags EMT 2013"]
[Site "Faxe"]
[Date "2013.05.29"]
[Round "7"]
[White "Lindskov, Villy"]
[Black "Pedersen, Hans Dahl"]
[Result "0-1"]
[WhiteElo "1785"]
[BlackElo "2133"]
[PlyCount "130"]
[EventDate "2013.??.??"]

1. e4 c5 2. Nf3 e6 3. d4 cxd4 4. Nxd4 a6 5. c4 Nf6 6. Bd3 Qc7 7. Nc3 g6 8. Be3
Bg7 9. O-O O-O 10. Rc1 d6 11. b3 Nbd7 12. f3 b6 13. Qd2 Bb7 14. Kh1 Rfe8 15.
Nde2 Rad8 16. Bh6 Bh8 17. Bg5 Ne5 18. Bb1 Rd7 19. Ng3 Rc8 20. f4 Nc6 21. f5 Ng4
22. fxg6 hxg6 23. Rf4 Nge5 24. Rcf1 Ne7 25. Nce2 Qc5 26. Rh4 f5 27. exf5 Nxf5
28. Nxf5 exf5 29. Nf4 Re8 30. Rh6 Bg7 31. Rh3 d5 32. cxd5 Bxd5 33. Nxd5 Rxd5
34. Qc2 Qf8 35. Bf4 Ng4 36. Rd3 Rc5 37. Qd1 Be5 38. Qf3 Qe7 39. h3 Nf6 40. Qg3
Kf7 41. Rfd1 Rc7 42. Bxe5 Qxe5 43. Qxe5 Rxe5 44. Rd6 Re6 45. Rxe6 Kxe6 46. Kg1
Nd5 47. Kf2 Nc3 48. Re1+ Kf6 49. Bd3 b5 50. a3 Nd5 51. Bf1 Rc3 52. Rb1 Nf4 53.
a4 Nd3+ 54. Bxd3 Rxd3 55. axb5 axb5 56. Ke2 Rc3 57. Rb2 b4 58. Kf2 f4 59. Ke2
Kf5 60. Kf2 g5 61. Ke2 Ke4 62. Kf2 Re3 63. Re2 Kd3 64. Rb2 Kc3 65. Rb1 Kc2 0-1

[Event "Faxe Dags EMT 2013"]
[Site "Faxe"]
[Date "2013.05.29"]
[Round "7"]
[White "Jensen, Leif"]
[Black "Eckert, Svend"]
[Result "1-0"]
[WhiteElo "1984"]
[BlackElo "1614"]
[PlyCount "47"]
[EventDate "2013.??.??"]

1. e4 c5 2. g3 d5 3. d3 d4 4. f4 Nc6 5. Bg2 e5 6. Nf3 Bd6 7. O-O Nf6 8. fxe5
Nxe5 9. Bg5 Bg4 10. Qe1 Nxf3+ 11. Bxf3 Bxf3 12. e5 O-O 13. exf6 gxf6 14. Bh4
Re8 15. Qf2 Re3 16. Nd2 Bh5 17. Bxf6 Qc7 18. Ne4 Re8 19. Rae1 R8xe4 20. dxe4
Bxg3 21. Qg2 Bg6 22. Rxe3 dxe3 23. Qxg3 Qxg3+ 24. hxg3 1-0

[Event "Faxe Dags EMT 2013"]
[Site "Faxe"]
[Date "2013.05.29"]
[Round "7"]
[White "Hansen, Aage"]
[Black "Petersen, Bent"]
[Result "1-0"]
[WhiteElo "1606"]
[BlackElo "1905"]
[PlyCount "83"]
[EventDate "2013.??.??"]

1. e4 c5 2. Nf3 Nc6 3. d4 cxd4 4. Nxd4 d6 5. Be2 Bd7 6. O-O g6 7. Be3 Bg7 8.
Nc3 Nf6 9. Qd2 a6 10. h3 O-O 11. f4 Nxd4 12. Bxd4 Bc6 13. Qe3 Nd7 14. Bxg7 Kxg7
15. Qf2 Qa5 16. Bf3 Rac8 17. a3 Kg8 18. Rad1 Nf6 19. g4 Rfd8 20. Kh2 Qc7 21. g5
Ne8 22. Qg3 Qb6 23. b4 e6 24. Rf2 a5 25. Rb1 Qd4 26. Ne2 Qc4 27. f5 Bxe4 28.
fxe6 Bf5 29. exf7+ Qxf7 30. Nf4 d5 31. Qg2 Nc7 32. bxa5 Be6 33. Nd3 Qe7 34. Nb4
Qc5 35. Rd2 Qxa5 36. Rb3 Qc5 37. Rbd3 Kg7 38. h4 Ra8 39. Qg3 Bf5 40. Qe5+ Kg8
41. Nxd5 Bxd3 42. Nf6+ 1-0

[Event "Faxe Dags EMT 2013"]
[Site "Faxe"]
[Date "2013.05.29"]
[Round "7"]
[White "Sorensen, Lindved"]
[Black "Nielsen, Flemming"]
[Result "0-1"]
[WhiteElo "1522"]
[BlackElo "1361"]
[PlyCount "110"]
[EventDate "2013.??.??"]

1. Nf3 Nf6 2. c4 Nc6 3. g3 e5 4. d3 Be7 5. Bg2 O-O 6. O-O d5 7. Nfd2 Be6 8. Qb3
Nd4 9. Qd1 c5 10. e3 Nc6 11. Nc3 Nb4 12. cxd5 Nbxd5 13. Nf3 Nxc3 14. bxc3 Qc7
15. Qc2 Rad8 16. Rb1 b6 17. c4 Bc8 18. Bb2 Bd6 19. Ng5 Bf5 20. Bd5 Nxd5 21.
cxd5 Be7 22. Nf3 f6 23. Qc4 Bd6 24. Kg2 Qe7 25. Nd2 Qd7 26. Qh4 Bxd3 27. e4
Bxb1 28. Rxb1 b5 29. Nb3 b4 30. Na5 Qa4 31. Nb7 Rd7 32. Qh3 Re8 33. Nxd6 Rxd6
34. Qh5 Red8 35. Qe2 Rc8 36. Qc4 Qa6 37. Qc2 c4 38. Bc1 Rb6 39. Be3 Rbb8 40.
Qe2 Qa3 41. f3 a5 42. d6 Rb7 43. Rd1 Rd7 44. Qd2 b3 45. Qd5+ Kf8 46. Qe6 Qa4
47. axb3 cxb3 48. Rd2 Rc2 49. Qd5 b2 50. Qa8+ Kf7 51. Qd5+ Kg6 52. f4 Rxd2+ 53.
Bxd2 b1=Q 54. f5+ Kh5 55. Kh3 Qf1# 0-1

[Event "Faxe Dags EMT 2013"]
[Site "Faxe"]
[Date "2013.05.29"]
[Round "7"]
[White "Refsgaard, Kaj"]
[Black "Rasmussen, Frede"]
[Result "1-0"]
[WhiteElo "1629"]
[BlackElo "1441"]
[PlyCount "107"]
[EventDate "2013.??.??"]

1. Nf3 d6 2. d4 e6 3. g3 c6 4. Bg2 h6 5. O-O Nf6 6. c4 Be7 7. Nc3 O-O 8. e4
Nbd7 9. Bf4 Nh7 10. Re1 Re8 11. Rc1 Ndf8 12. Qc2 Bg5 13. Nxg5 Nxg5 14. Rcd1 Ng6
15. Be3 Nh7 16. e5 d5 17. cxd5 exd5 18. Bf1 Ne7 19. Bd3 Nf8 20. f4 Qd7 21. Bf2
Nfg6 22. e6 Qd6 23. exf7+ Kxf7 24. Qe2 Bd7 25. Qh5 Kg8 26. Re3 Rf8 27. Rde1 Qf6
28. Qe2 Rf7 29. Qh5 Bf5 30. Qf3 Bxd3 31. Rxd3 Raf8 32. Rde3 Qf5 33. Nd1 Qh3 34.
Qg2 Qd7 35. Ra3 b5 36. Ne3 Ra8 37. Qf3 a5 38. Ng4 a4 39. Ne5 Nxe5 40. dxe5 Qe6
41. Bc5 Ng6 42. Qh5 Rf5 43. Qg4 Rb8 44. Bd6 Rb7 45. Rc3 Rb6 46. Qe2 Nf8 47. Qc2
Qg6 48. Rf1 Ne6 49. Rxc6 Rxc6 50. Qxc6 Nd4 51. Qc8+ Kh7 52. Kg2 Ne2 53. Qc2
Nxf4+ 54. Rxf4 1-0